000 00598nam a22002417a 4500
001 30423
003 UA-OsUOA
005 20220210112757.0
007 ta
008 20041110b un ||||| |||| 00| 0 ukr d
040 _aUA-OsUOA
_brus
_cUA-OsUOA
_dUA-OsUOA
041 _arus
044 _aRU
080 _a929:821
090 _a929:821
_bЧ-88
100 _aЧуковский К.
245 _aСовременники. Портреты и этюды
260 _aМосква
_bМолодая гвардия
_c1962
300 _a704 с.
650 7 _2UDC
942 _cBK
_2udc
955 _a0
999 _c316835
_d316835